000 00452nam a22001457a 4500
005 20251108175001.0
008 250721s2009 xx 000 0 eng d
082 1 4 _aR/304.8/ESC
245 1 0 _aCompendium Of social Statistics And Indicators /
264 1 _aNew york :
_bUnited Nations,
_c2009.
490 0 _aUNITED NATIONS ECONOMICS AND SOCIAL COMMISSION FOR WESTERN ASIA
_v9
650 1 7 _aEMIGRATION STATISTICS
942 _2ddc
_cBK
999 _c123168
_d123168